| 000 | 00621nam a22002172 4500 | ||
|---|---|---|---|
| 001 | 0000009493 | ||
| 005 | 20151217152055.0 | ||
| 008 | 081031s xx 000 0 eng d | ||
| 020 |
_a063118631x : _cDonation |
||
| 040 |
_aKABU _cKABU |
||
| 100 | 1 |
_aMarch, James G. _@0000136467 |
|
| 245 | 1 | 0 |
_aOrganizations / _cJames G. March and Herbrt A. Simon. |
| 250 | _a2nd ed. | ||
| 260 |
_aOxford : _bBlackwell, _c1993. |
||
| 300 | _aix, 287 p. | ||
| 650 | 0 |
_aOrganization. _@0000148288 |
|
| 700 | 1 |
_aSimon, Herbert A. _@0000161014 |
|
| 908 | _a081031 | ||
| 950 | _@1 | ||
| 999 |
_c7926 _d7926 |
||